000 00748 am a2200241 a 4500
005 20111115125004.0
008 100702s1997||||mx a f |||| 001 0 spa d
020 _a9701015622
041 _aspa
092 _c618.92
_aBEH
_l6
100 1 _aBehrman, Richard E.
_95
245 _aNelson. Tratado de Pediatría. T.1.
_cRichard E. Behrman
_nT.1.
250 _a15a ed.
260 _aMéxico :
_bMcGraw-Hill,
_c1997.
300 _a1-1462 p.
590 _aDonación de Marcelo Sotomayor, Feb. 2011.
653 _aPediatría
700 1 _aKliegman, Robert M.
_94
700 1 _aArvin, Ann M.
_9701
930 _a2201
942 _2ddc
_cBK
952 _aBFM
_bBFM
_70
_p2201
_cCR
_40
_00
_yBK
_10
_o618.92 6 BEH
_d2011-05-13
_tej.8
999 _c807
_d807